Normal view
MARC view
Entry Personal Name
001 - CONTROL NUMBER
- control field: 34634
003 - CONTROL NUMBER IDENTIFIER
- control field: OSt
005 - DATE AND TIME OF LATEST TRANSACTION
- control field: 20160127114607.0
008 - FIXED-LENGTH DATA ELEMENTS
- fixed length control field: 160127|| aca||aabn | a|a d
040 ## - CATALOGING SOURCE
- Original cataloging agency: OSt
- Transcribing agency: OSt
100 ## - HEADING--PERSONAL NAME
- Personal name: आनन्द
670 ## - SOURCE DATA FOUND
- Source citation: Work cat.: (OSt)30572: आनन्द, पी पी टी सेल्फ स्कोरर









